| 000 | 00616nam a2200193 a 4500 | ||
|---|---|---|---|
| 001 | 3608 | ||
| 005 | 20140414131955.0 | ||
| 008 | 040714s19uu xx 00 eng d | ||
| 020 | _a0-590-13112-5 | ||
| 050 |
_aTR 612.84 _bW52 1997 |
||
| 100 | _aWest, Tracy | ||
| 245 |
_a5 senses : early themes / _cby Tracy West. |
||
| 260 |
_aNew York : _bScholastic, _c1997. |
||
| 300 | _a48 p. : ill. ; cm. | ||
| 440 | _aEarly Themes | ||
| 520 | _aReady-to-go activities, games, literature selections, poetry and everything you need for a complete theme unit. | ||
| 650 |
_aSenses _xJuvenile literature. |
||
| 999 |
_c112913 _d112913 |
||